000 00409pab a2200145 454500
008 180718b1983 xxu||||| |||| 00| 0 eng d
100 _aMorgan, E. Philip
245 _aThe project orthodoxy in development
_bRe - evaluating the cutting edge
260 _c1983
300 _a329-39
362 _aOct.-Dec.
650 _aProject Management
773 _aPublic Administration and Development
909 _a16226
999 _c16226
_d16226